Normal view
MARC view
- Epigenetics
Entry Uniform Title
001 - CONTROL NUMBER
- control field: 5404
003 - CONTROL NUMBER IDENTIFIER
- control field: NUST
005 - DATE AND TIME OF LATEST TRANSACTION
- control field: 20171012132927.0
008 - FIXED-LENGTH DATA ELEMENTS
- fixed length control field: 171012|| aca||aabn | a|a d
040 ## - CATALOGING SOURCE
- Original cataloging agency: NUST
- Transcribing agency: NUST
130 ## - HEADING--UNIFORM TITLE
- Uniform title: Epigenetics
670 ## - SOURCE DATA FOUND
- Source citation: Work cat.: (NUST): Nessa Carey 5403, The epigenetics revolution, c2012.
